000 00389nam a2200145Ia 4500
008 231129s1996||||xx |||||||||||||| ||spa||
020 _a970-10-1253-4 (v.1).
040 _bspa
082 _aR 693.5 W116m
100 _aWaddell Joseph J.
245 0 _aManual de la construccion con concreto
260 _c1996
264 _aMcGraw-Hill
942 _2ddc
_cBKS
999 _c20380
_d20380